000 00780nam a2200229 i 4500
001 135244
003 ES-MaACL
005 20250702193648.0
007 t|
008 070713s1973 sp ||||1| spa d
080 _a944"1789/1799"(04)
100 1 _aTocqueville, Alexis de.
_9110392
245 1 0 _aInéditos sobre la revolución /
_cAlexis de Tocqueville ; introducción, Dalmacio Negro ; [versión... César Armando Gémez, Pascual Moure Zamora].
260 _a[Madrid] :
_bSeminarios y Ediciones,
_c[1973]
300 _a265 p. ;
_c18 cm.
650 4 _a
_9241170
700 1 _aNegro Pavón, Dalmacio.
_985316
700 1 _aGémez, César Armando.
_956285
700 1 _aMoure Zamora, Pascual.
_983895
852 _aES-MaACL
_jC-52583
_bR.85752
999 _c135244
_d135244